000 00644nam a2200205Ia 4500
003 GCL
008 140319s9999 xx 000 0 ara d
040 _aGCL /
_cGCL
082 0 4 _a811.0095
_bع ا
100 1 _aعبده بدوى
245 1 0 _aابوتمام وقضيه التجديد فى الشعر /
_cعبده بدوى
260 _a[S.N] :
_bالهيئة المصرية العامة للكتاب ،
_c1985
300 _a309 ص
490 _a
650 0 4 _aالشعر العربى
650 0 4 _aالادب العربى
650 0 4 _aالدولة العباسية الثانية
650 0 4 _aتاريخ ونقد
942 _2ddc
_cBK
999 _c29129
_d29129